00442nam a2200157Ia 4500100001200000650002700012942000700039654001500046245003800061260003200099082001000131300000800141546001200149999001700161952010600178 aDutt/J  aElectrical Engineering cBK aElectrical aPolytechnic Electrical Technology bShasikant PrakashanaBombay a621.3 a391 aENGLISH c22726d22726 001040708AFTaCRCEbCRCEd2023-03-17g10.00l0o621.3 pAFT1667r2023-03-17v10.00w2023-03-17yBK